Poesía escogida
محفوظ في:
| المؤلف الرئيسي: | |
|---|---|
| التنسيق: | كتاب |
| اللغة: | Spanish |
| منشور في: |
[San José, Costa Rica] :
Educa,
1983.
|
| الطبعة: | 1. edición |
| سلاسل: | Coleccíón Séptimo Día
|
| الموضوعات: | |
| الوسوم: |
إضافة وسم
لا توجد وسوم, كن أول من يضع وسما على هذه التسجيلة!
|
MARC
| LEADER | 00000nam a2200000 c 4500 | ||
|---|---|---|---|
| 001 | a5387850 | ||
| 005 | 20191023153358.0 | ||
| 008 | 130820s1983 cr | |||| 000 p spa | ||
| 020 | |a 9977300038 | ||
| 040 | |a SpMaBN |b spa |c SpMaBN | ||
| 082 | |a ES861.4 |b D152p | ||
| 100 | 1 | |a Dalton, Roque |d 1935-1975 | |
| 245 | 1 | 0 | |a Poesía escogida |c Roque Dalton ; selección del autor ; prólogo de Manlio Argueta |
| 250 | |a 1. edición | ||
| 260 | |a [San José, Costa Rica] : |b Educa, |c 1983. | ||
| 300 | |a 538 páginas; |c 18 centímetros | ||
| 490 | 1 | |a Coleccíón Séptimo Día | |
| 650 | 1 | 4 | |a LITERATURA SALVADOREÑA |v POESIA |
| 942 | |2 ddc |c BK | ||
| 956 | |a 1 | ||
| 999 | |c 4533 |d 4533 | ||



